Memoria del fuego : los nacimientos /
Guardado en:
| Autor Principal: | |
|---|---|
| Formato: | Libro |
| Publicado: |
Buenos Aires :
Siglo Xxi,
2015
|
| Series: | Biblioteca Eduardo Galeano
|
| Materias: | |
| Etiquetas: |
Agregar Etiqueta
Sin Etiquetas, Sea el primero en etiquetar este registro!
|
| LEADER | 00760nam a22002535a 4500 | ||
|---|---|---|---|
| 001 | CEM.cems018531 | ||
| 005 | 20160401100613.0 | ||
| 008 | 130507s2015##################000#0#####d | ||
| 003 | CEMS | ||
| 020 | |a 9789876295611 | ||
| 082 | 0 | 4 | |a U868.4 |
| 100 | 1 | |a Galeano, Eduardo | |
| 245 | 1 | 0 | |a Memoria del fuego : |b los nacimientos / |c Eduardo Galeano |
| 260 | |a Buenos Aires : |b Siglo Xxi, |c 2015 | ||
| 300 | |a 344 p. | ||
| 490 | 0 | |a Biblioteca Eduardo Galeano | |
| 505 | 0 | |a Etapa Precolombina hasta siglo XVII | |
| 653 | |a Literatura | ||
| 653 | |a Literatura uruguaya | ||
| 653 | |a Narrativa | ||
| 653 | |a Narrativa uruguaya | ||
| 653 | |a Historia de américa | ||
| 653 | |a América precolombina | ||
| 859 | |a CEMS |b BIB. CEMS - Agricultura |h U868.4 |i G131-7 |p A2837.16 |t Ej.1 |v 1 |3 1 | ||
